Focus sur: Figwit - Statistiques

Statistiques générales
  • Ce quiz a été pris 9 fois
  • Le résultat moyen est 5 sur 9
Statistiques - réponses
Informations recherchées Réponses % Correct
Espèce Elfe
100%
Première apparition (film) Le Seigneur des Anneaux: La Communauté de l'Anneau
100%
Age durant lequel il vécut Troisième (au moins)
80%
Acteur l'interprétant dans les films Bret McKenzie
60%
Cité Fondcombe
40%
Nom complet Frodo is grea...who is THAT?!?
40%
Groupe de l'espèce Sindar
40%
Profession Escorte
20%
Contrée Eriador
0%
Aucun quiz correspondant
Distribution des résultats
% des personnes avec chaque résultat
Percentile par nombre de réponses
Votre historique - résultats
Vous n’avez pas pris ce quiz